| 000 | 00356 a2200157 4500 | ||
|---|---|---|---|
| 001 | 76034 | ||
| 020 | _a9788593083068 | ||
| 040 | _cAnchieta - Colégio São Paulo | ||
| 100 | _aNûnez, Emília | ||
| 240 | 1 | 0 |
_aA banda das meninas _lpor |
| 245 | 1 | 0 | _aA banda das meninas |
| 300 | _a[36] | ||
| 362 | 0 | _a2019 | |
| 650 | 4 | _aLiteratura infantil | |
| 942 | _cBK | ||
| 999 |
_c76034 _d76034 |
||